[Event "SS Manhem GM"]
[Site "Molnlycke SWE"]
[Date "2018.08.15"]
[Round "7.3"]
[White "Golubka, Petro"]
[Black "Brynell, Stellan"]
[Result "1-0"]
[WhiteElo "2478"]
[BlackElo "2391"]
[WhiteFideId "-1"]
[BlackFideId "-1"]
[PlyCount "59"]
[GameId "2129404765005136"]
[EventDate "2018.08.11"]
[EventType "tourn"]
[EventRounds "9"]
[EventCountry "SWE"]
[EventCategory "8"]
[SourceTitle "10 Days #552"]
[Source "ChessMix"]
[SourceDate "2018.08.20"]
[SourceVersion "1"]
[SourceVersionDate "2018.08.20"]
[SourceQuality "1"]
[TimeControl "90+30"]
[WhiteClock "0:16:37"]
[BlackClock "0:43:32"]

1. d4 {[%emt 0:00:00]} Nf6 {[%emt 0:00:00]} 2. c4 {[%emt 0:00:00]} e6 {[%emt 0:00:00]} 3. Nf3 {[%emt 0:00:00]} b6 {[%emt 0:00:00]} 4. a3 {[%emt 0:00:00]} Ba6 {[%emt 0:00:00]} 5. Qc2 {[%emt 0:00:00]} c5 {[%emt 0:00:00]} 6. e4 {[%emt 0:00:00]} cxd4 {[%emt 0:00:00]} 7. e5 {[%emt 0:00:00]} Ng8 {[%emt 0:00:00]} 8. Nxd4 {[%emt 0:00:00]} Bb7 {[%emt 0:00:00]} 9. Nc3 {[%emt 0:00:00]} Nc6 {[%emt 0:00:00]} 10. Nf3 {[%emt 0:00:00]} Qb8 {[%emt 0:00:00]} 11. Bf4 {[%emt 0:00:00]} f6 {[%emt 0:00:00]} 12. Qe2 {[%emt 0:00:00]} Nge7 {[%emt 0:00:00]} 13. Bg3 {[%emt 0:00:00]} f5 {[%emt 0:00:00]} 14. O-O-O {[%emt 0:00:00]} a6 {[%emt 0:00:00]} 15. h4 {[%emt 0:00:00]} Ng8 {[%emt 0:00:00]} 16. Qe3 {[%emt 0:00:00]} Bc5 {[%emt 0:00:00]} 17. Qg5 {[%emt 0:00:00]} Bf8 {[%emt 0:00:00]} 18. Kb1 {[%emt 0:00:00]} Nh6 {[%emt 0:00:00]} 19. Nd5 {[%emt 0:00:00]} exd5 {[%emt 0:00:00]} 20. cxd5 {[%emt 0:00:00]} Na7 {[%emt 0:00:00]} 21. e6 {[%emt 0:00:00]} d6 {[%emt 0:00:00]} 22. e7 {[%emt 0:00:00]} Bxe7 {[%emt 0:00:00]} 23. Qxg7 {[%emt 0:00:00]} Nf7 {[%emt 0:00:00]} 24. Ng5 {[%emt 0:00:00]} Rf8 {[%emt 0:00:00]} 25. Nxh7 {[%emt 0:00:00]} Kd7 {[%emt 0:00:00]} 26. Bd3 {[%emt 0:00:00]} Nh8 {[%emt 0:00:00]} 27. Rhe1 {[%emt 0:00:00]} Qd8 {[%emt 0:00:00]} 28. Nxf8+ {[%emt 0:00:00]} Qxf8 {[%emt 0:00:00]} 29. Rxe7+ {[%emt 0:00:00]} Qxe7 {[%emt 0:00:00]} 30. Bxf5+ {[%emt 0:00:00]} 1-0

[Event "SS Manhem GM"]
[Site "Molnlycke SWE"]
[Date "2018.08.16"]
[Round "8.1"]
[White "Golubka, Petro"]
[Black "Christiansen, Johan Sebastian"]
[Result "0-1"]
[WhiteElo "2478"]
[BlackElo "2515"]
[WhiteFideId "-1"]
[BlackFideId "-1"]
[PlyCount "122"]
[GameId "2129404765005139"]
[EventDate "2018.08.11"]
[EventType "tourn"]
[EventRounds "9"]
[EventCountry "SWE"]
[EventCategory "8"]
[SourceTitle "10 Days #552"]
[Source "ChessMix"]
[SourceDate "2018.08.20"]
[SourceVersion "1"]
[SourceVersionDate "2018.08.20"]
[SourceQuality "1"]
[TimeControl "90+30"]
[WhiteClock "0:13:22"]
[BlackClock "0:40:52"]

1. d4 {[%emt 0:00:00]} Nf6 {[%emt 0:00:00]} 2. c4 {[%emt 0:00:00]} e6 {[%emt 0:00:00]} 3. Nf3 {[%emt 0:00:00]} d5 {[%emt 0:00:00]} 4. Nc3 {[%emt 0:00:00]} Bb4 {[%emt 0:00:00]} 5. e3 {[%emt 0:00:00]} O-O {[%emt 0:00:00]} 6. Bd3 {[%emt 0:00:00]} dxc4 {[%emt 0:00:00]} 7. Bxc4 {[%emt 0:00:00]} c5 {[%emt 0:00:00]} 8. a3 {[%emt 0:00:00]} Bxc3+ {[%emt 0:00:00]} 9. bxc3 {[%emt 0:00:00]} Qc7 {[%emt 0:00:00]} 10. Be2 {[%emt 0:00:00]} b6 {[%emt 0:00:00]} 11. O-O {[%emt 0:00:00]} Bb7 {[%emt 0:00:00]} 12. h3 {[%emt 0:00:00]} Rd8 {[%emt 0:00:00]} 13. Bb2 {[%emt 0:00:00]} Nc6 {[%emt 0:00:00]} 14. Rc1 {[%emt 0:00:00]} Rac8 {[%emt 0:00:00]} 15. Re1 {[%emt 0:00:00]} Na5 {[%emt 0:00:00]} 16. Bf1 {[%emt 0:00:00]} c4 {[%emt 0:00:00]} 17. Nd2 {[%emt 0:00:00]} Ne4 {[%emt 0:00:00]} 18. Nxe4 {[%emt 0:00:00]} Bxe4 {[%emt 0:00:00]} 19. f3 {[%emt 0:00:00]} Bd3 {[%emt 0:00:00]} 20. Bxd3 {[%emt 0:00:00]} cxd3 {[%emt 0:00:00]} 21. Qxd3 {[%emt 0:00:00]} Nc4 {[%emt 0:00:00]} 22. Qe2 {[%emt 0:00:00]} Qc6 {[%emt 0:00:00]} 23. Qc2 {[%emt 0:00:00]} Rd5 {[%emt 0:00:00]} 24. Rb1 {[%emt 0:00:00]} Ra5 {[%emt 0:00:00]} 25. Ra1 {[%emt 0:00:00]} Nxb2 {[%emt 0:00:00]} 26. Qxb2 {[%emt 0:00:00]} Rb5 {[%emt 0:00:00]} 27. Qd2 {[%emt 0:00:00]} Rb3 {[%emt 0:00:00]} 28. Rec1 {[%emt 0:00:00]} Rxc3 {[%emt 0:00:00]} 29. Rxc3 {[%emt 0:00:00]} Qxc3 {[%emt 0:00:00]} 30. Qxc3 {[%emt 0:00:00]} Rxc3 {[%emt 0:00:00]} 31. Kf2 {[%emt 0:00:00]} Rc2+ {[%emt 0:04:00]} 32. Kg3 {[%emt 0:00:00]} Kf8 {[%emt 0:00:38]} 33. a4 {[%emt 0:00:00]} Ke7 {[%emt 0:01:08]} 34. Rb1 {[%emt 0:00:00]} Kd6 {[%emt 0:01:30]} 35. a5 {[%emt 0:00:00]} Kc6 {[%emt 0:01:14]} 36. axb6 {[%emt 0:00:00]} axb6 {[%emt 0:00:05]} 37. h4 {[%emt 0:00:00]} b5 {[%emt 0:00:40]} 38. h5 {[%emt 0:00:00]} h6 {[%emt 0:00:40]} 39. Kf4 {[%emt 0:00:00]} Rxg2 {[%emt 0:02:50]} 40. Rc1+ {[%emt 0:00:51]} Kd6 {[%emt 0:06:36]} 41. e4 {[%emt 0:01:09]} f6 {[%emt 0:00:00]} 42. e5+ {[%emt 0:00:00]} Kd5 {[%emt 0:00:00]} 43. Ke3 {[%emt 0:00:00]} fxe5 {[%emt 0:00:00]} 44. Rc5+ {[%emt 0:00:00]} Kd6 {[%emt 0:00:00]} 45. Rxb5 {[%emt 0:00:00]} exd4+ {[%emt 0:00:00]} 46. Kxd4 {[%emt 0:00:00]} Ke7 {[%emt 0:00:00]} 47. f4 {[%emt 0:00:00]} Kf6 {[%emt 0:00:00]} 48. Ke4 {[%emt 0:00:00]} Rd2 {[%emt 0:00:00]} 49. Rb1 {[%emt 0:00:00]} Rd5 {[%emt 0:00:00]} 50. Rh1 {[%emt 0:00:00]} Ra5 {[%emt 0:00:00]} 51. Kf3 {[%emt 0:00:00]} Kf5 {[%emt 0:00:00]} 52. Rg1 {[%emt 0:00:00]} Ra3+ {[%emt 0:00:00]} 53. Ke2 {[%emt 0:00:00]} Kf6 {[%emt 0:00:00]} 54. Rh1 {[%emt 0:00:00]} Rg3 {[%emt 0:00:00]} 55. Kf2 {[%emt 0:00:00]} Rg4 {[%emt 0:00:00]} 56. Ke3 {[%emt 0:00:00]} Kf5 {[%emt 0:00:00]} 57. Rf1 {[%emt 0:00:00]} Rh4 {[%emt 0:00:00]} 58. Rg1 {[%emt 0:00:00]} Kf6 {[%emt 0:00:00]} 59. Rg6+ {[%emt 0:00:00]} Kf7 {[%emt 0:00:00]} 60. Rg1 {[%emt 0:00:00]} Rxh5 {[%emt 0:00:00]} 61. Ke4 {[%emt 0:00:00]} Ra5 {[%emt 0:00:00]} 0-1

[Event "SS Manhem GM"]
[Site "Molnlycke SWE"]
[Date "2018.08.17"]
[Round "9.3"]
[White "Vestby Ellingsen, Mads"]
[Black "Golubka, Petro"]
[Result "1/2-1/2"]
[WhiteElo "2409"]
[BlackElo "2478"]
[WhiteFideId "-1"]
[BlackFideId "-1"]
[PlyCount "28"]
[GameId "2129404765005146"]
[EventDate "2018.08.11"]
[EventType "tourn"]
[EventRounds "9"]
[EventCountry "SWE"]
[EventCategory "8"]
[SourceTitle "10 Days #552"]
[Source "ChessMix"]
[SourceDate "2018.08.20"]
[SourceVersion "1"]
[SourceVersionDate "2018.08.20"]
[SourceQuality "1"]
[TimeControl "90+30"]
[WhiteClock "1:30:25"]
[BlackClock "1:09:30"]

1. d4 {[%emt 0:00:00]} Nf6 {[%emt 0:00:00]} 2. c4 {[%emt 0:00:00]} c5 {[%emt 0:00:00]} 3. d5 {[%emt 0:00:00]} b5 {[%emt 0:00:00]} 4. cxb5 {[%emt 0:00:00]} a6 {[%emt 0:00:00]} 5. bxa6 {[%emt 0:00:00]} g6 {[%emt 0:00:00]} 6. Nc3 {[%emt 0:00:00]} Bxa6 {[%emt 0:00:00]} 7. e4 {[%emt 0:00:00]} Bxf1 {[%emt 0:00:00]} 8. Kxf1 {[%emt 0:00:00]} d6 {[%emt 0:00:00]} 9. g3 {[%emt 0:00:00]} Bg7 {[%emt 0:00:00]} 10. Kg2 {[%emt 0:00:00]} O-O {[%emt 0:00:00]} 11. Nf3 {[%emt 0:00:00]} Nbd7 {[%emt 0:00:00]} 12. a4 {[%emt 0:00:00]} Qb6 {[%emt 0:00:00]} 13. Qe2 {[%emt 0:00:00]} Rfb8 {[%emt 0:00:00]} 14. Nb5 {[%emt 0:00:00]} Ne8 {[%emt 0:00:00]} 1/2-1/2

[Event "CellaVision Cup"]
[Site "Lund SWE"]
[Date "2018.08.03"]
[Round "1.10"]
[White "Broman, Finn"]
[Black "Golubka, Petro"]
[Result "0-1"]
[WhiteElo "1951"]
[BlackElo "2478"]
[WhiteFideId "-1"]
[BlackFideId "-1"]
[PlyCount "54"]
[GameId "2130307617389201"]
[EventDate "2018.08.03"]
[EventType "swiss"]
[EventRounds "8"]
[EventCountry "SWE"]
[SourceTitle "10 Days #551"]
[Source "ChessMix"]
[SourceDate "2018.08.10"]
[SourceVersion "1"]
[SourceVersionDate "2018.08.10"]
[SourceQuality "1"]

1. e4 e6 2. d4 d5 3. Nc3 Bb4 4. e5 c5 5. a3 Bxc3+ 6. bxc3 Ne7 7. Bd3 Nbc6 8. Nf3 h6 9. O-O Bd7 10. a4 c4 11. Be2 Qa5 12. Ba3 Qxc3 13. Qb1 b6 14. Rd1 O-O 15. a5 bxa5 16. Bd6 Rab8 17. Bxb8 Rxb8 18. Qc1 Rb2 19. Rd2 Nf5 20. Qd1 h5 21. h3 h4 22. Kh2 a6 23. g4 hxg3+ 24. fxg3 a4 25. g4 Ne3 26. Qc1 a3 27. Bd1 Nf1+ 0-1

[Event "CellaVision Cup"]
[Site "Lund SWE"]
[Date "2018.08.03"]
[Round "2.10"]
[White "Golubka, Petro"]
[Black "Neretljak, Nedzad"]
[Result "1/2-1/2"]
[WhiteElo "2478"]
[BlackElo "2103"]
[WhiteFideId "-1"]
[BlackFideId "-1"]
[PlyCount "106"]
[GameId "2130307617389216"]
[EventDate "2018.08.03"]
[EventType "swiss"]
[EventRounds "8"]
[EventCountry "SWE"]
[SourceTitle "10 Days #551"]
[Source "ChessMix"]
[SourceDate "2018.08.10"]
[SourceVersion "1"]
[SourceVersionDate "2018.08.10"]
[SourceQuality "1"]

1. e4 e6 2. d4 d5 3. Bd3 Nf6 4. e5 Nfd7 5. c3 c5 6. Nf3 Nc6 7. O-O Be7 8. Bc2 f5 9. exf6 Nxf6 10. Re1 O-O 11. Be3 c4 12. a4 Qc7 13. Nbd2 Bd6 14. Bg5 Bd7 15. Bh4 Rae8 16. Qb1 h6 17. Bg6 Re7 18. b3 cxb3 19. Qxb3 Na5 20. Qc2 Be8 21. Ne5 Nc4 22. Ndf3 a5 23. Nxc4 Qxc4 24. Bd3 Qc8 25. Bg3 Bxg3 26. hxg3 Rc7 27. Rec1 Bh5 28. Rab1 Nd7 29. Qe2 Rf6 30. Qe3 Bg6 31. Bxg6 Rxg6 32. Rb5 b6 33. Nd2 Rf6 34. c4 dxc4 35. Ne4 Rg6 36. Nd6 Qf8 37. Nxc4 Rf6 38. Rbb1 Rc6 39. Ne5 Rxc1+ 40. Rxc1 Nxe5 41. dxe5 Rf5 42. g4 Rf4 43. Qxb6 Rxa4 44. Qxe6+ Kh7 45. g3 Qf3 46. g5 hxg5 47. Qd7 Ra2 48. Qd4 Re2 49. Rd1 Qe4 50. Qxe4+ Rxe4 51. Rd5 a4 52. Ra5 a3 53. Rxa3 Rxe5 1/2-1/2

[Event "CellaVision Cup"]
[Site "Lund SWE"]
[Date "2018.08.03"]
[Round "4.10"]
[White "Golubka, Petro"]
[Black "Johansson, Gunnar"]
[Result "1-0"]
[WhiteElo "2478"]
[BlackElo "2213"]
[WhiteFideId "-1"]
[BlackFideId "-1"]
[PlyCount "49"]
[GameId "2130307617393343"]
[EventDate "2018.08.03"]
[EventType "swiss"]
[EventRounds "8"]
[EventCountry "SWE"]
[SourceTitle "10 Days #551"]
[Source "ChessMix"]
[SourceDate "2018.08.10"]
[SourceVersion "1"]
[SourceVersionDate "2018.08.10"]
[SourceQuality "1"]

1. e4 c5 2. Nf3 e6 3. d4 cxd4 4. Nxd4 Nc6 5. Nc3 Qc7 6. Be3 a6 7. Qd2 Nf6 8. O-O-O Be7 9. f4 d5 10. e5 Nd7 11. Kb1 b5 12. Nxc6 Qxc6 13. h4 Bc5 14. h5 b4 15. Ne2 a5 16. Bxc5 Qxc5 17. Nd4 Ba6 18. f5 O-O 19. Rh3 exf5 20. Nxf5 Bxf1 21. Qg5 g6 22. hxg6 fxg6 23. Rxh7 Nxe5 24. Rg7+ Kh8 25. Qh6# 1-0

[Event "CellaVision Cup"]
[Site "Lund SWE"]
[Date "2018.08.04"]
[Round "6.13"]
[White "Golubka, Petro"]
[Black "Vernersson, Per"]
[Result "1/2-1/2"]
[WhiteElo "2478"]
[BlackElo "2290"]
[WhiteFideId "-1"]
[BlackFideId "-1"]
[PlyCount "45"]
[GameId "2130307617393378"]
[EventDate "2018.08.03"]
[EventType "swiss"]
[EventRounds "8"]
[EventCountry "SWE"]
[SourceTitle "10 Days #551"]
[Source "ChessMix"]
[SourceDate "2018.08.10"]
[SourceVersion "1"]
[SourceVersionDate "2018.08.10"]
[SourceQuality "1"]

1. c4 e6 2. d4 d5 3. Nc3 Nf6 4. Nf3 Be7 5. Bg5 Nbd7 6. e3 O-O 7. Qc2 c5 8. O-O-O cxd4 9. exd4 dxc4 10. Bxc4 a6 11. Kb1 b5 12. Bd3 Bb7 13. Ne5 h6 14. h4 b4 15. Na4 Rc8 16. Qe2 Nxe5 17. dxe5 Nd5 18. Bxh6 gxh6 19. Qg4+ Kh8 20. Qh5 Kg7 21. Qg4+ Kh8 22. Qh5 Kg7 23. Qg4+ 1/2-1/2

[Event "CellaVision Cup"]
[Site "Lund SWE"]
[Date "2018.08.05"]
[Round "7.14"]
[White "Kiese, Matthias"]
[Black "Golubka, Petro"]
[Result "1-0"]
[WhiteElo "2194"]
[BlackElo "2478"]
[WhiteFideId "-1"]
[BlackFideId "-1"]
[PlyCount "91"]
[GameId "2130307617393394"]
[EventDate "2018.08.03"]
[EventType "swiss"]
[EventRounds "8"]
[EventCountry "SWE"]
[SourceTitle "10 Days #551"]
[Source "ChessMix"]
[SourceDate "2018.08.10"]
[SourceVersion "1"]
[SourceVersionDate "2018.08.10"]
[SourceQuality "1"]

1. d4 Nf6 2. Nf3 e6 3. Bg5 h6 4. Bxf6 Qxf6 5. Nbd2 b6 6. e4 Bb7 7. Bd3 g5 8. c3 Nc6 9. e5 Qg7 10. Ne4 Be7 11. Qe2 g4 12. Nfd2 h5 13. Ba6 O-O-O 14. O-O-O Kb8 15. Bxb7 Kxb7 16. f4 d5 17. Nf2 g3 18. Nd3 gxh2 19. Rxh2 h4 20. Nf3 Rh6 21. Rdh1 Rdh8 22. Nf2 Qg3 23. Qd2 Na5 24. b3 Qg6 25. Qd3 Rg8 26. Qxg6 Rhxg6 27. Nxh4 Bxh4 28. Rxh4 Rxg2 29. R1h2 R8g3 30. Nd1 c5 31. dxc5 bxc5 32. Rxg2 Rxg2 33. Rh7 Rxa2 34. Rxf7+ Kb6 35. Re7 Nxb3+ 36. Kb1 Re2 37. Rxe6+ Kb5 38. f5 a5 39. f6 a4 40. c4+ Kb4 41. Rb6+ Kxc4 42. f7 Re1 43. f8=Q Rxd1+ 44. Kb2 a3+ 45. Kxa3 Nd4 46. Qf2 1-0

[Event "Gniota mem. op"]
[Site "Police POL"]
[Date "2018.07.11"]
[Round "1.2"]
[White "Okon, Dariusz"]
[Black "Golubka, Petro"]
[Result "0-1"]
[WhiteElo "2194"]
[BlackElo "2496"]
[WhiteFideId "-1"]
[BlackFideId "-1"]
[PlyCount "68"]
[GameId "2130307618506297"]
[EventDate "2018.07.11"]
[EventType "swiss"]
[EventRounds "9"]
[EventCountry "POL"]
[SourceTitle "The Week in Chess 1236"]
[Source "Mark Crowther"]
[SourceDate "2018.07.16"]
[SourceVersion "1"]
[SourceVersionDate "2018.07.16"]
[SourceQuality "2"]

1. Nf3 Nf6 2. c4 e6 3. Nc3 d5 4. d4 Be7 5. Bg5 h6 6. Bh4 O-O 7. e3 b6 8. cxd5 Nxd5 9. Bxe7 Qxe7 10. Rc1 Nf6 11. Be2 Bb7 12. O-O Rd8 13. Qb3 Nbd7 14. Rfd1 g6 15. h3 Kg7 16. Rd2 e5 17. Rcd1 exd4 18. Nxd4 Ne5 19. Ndb5 Rxd2 20. Rxd2 a6 21. Nd4 b5 22. Qd1 b4 23. Na4 c5 24. Nf3 Ne4 25. Rc2 Rd8 26. Qc1 Nxf3+ 27. Bxf3 c4 28. Nb6 c3 29. bxc3 Nxc3 30. Be2 Qf6 31. Nc4 Be4 32. Rd2 Nxe2+ 33. Rxe2 Rc8 34. Rd2 Qc3 0-1

[Event "Gniota mem. op"]
[Site "Police POL"]
[Date "2018.07.13"]
[Round "3.3"]
[White "Kyc, Jerzy"]
[Black "Golubka, Petro"]
[Result "0-1"]
[WhiteElo "2269"]
[BlackElo "2496"]
[WhiteFideId "-1"]
[BlackFideId "-1"]
[PlyCount "76"]
[GameId "2130307618510427"]
[EventDate "2018.07.11"]
[EventType "swiss"]
[EventRounds "9"]
[EventCountry "POL"]
[SourceTitle "The Week in Chess 1236"]
[Source "Mark Crowther"]
[SourceDate "2018.07.16"]
[SourceVersion "1"]
[SourceVersionDate "2018.07.16"]
[SourceQuality "2"]

1. e4 e6 2. d4 d5 3. Nd2 Nf6 4. e5 Nfd7 5. Bd3 c5 6. c3 Nc6 7. Ne2 cxd4 8. cxd4 f6 9. exf6 Nxf6 10. O-O Bd6 11. Nf3 O-O 12. Nc3 Bd7 13. Be3 Be8 14. Ng5 Qd7 15. f4 h6 16. Nh3 Bh5 17. Be2 Bg6 18. Bd3 Ng4 19. Qd2 Bxd3 20. Qxd3 Nb4 21. Qe2 Nxe3 22. Qxe3 Nc2 23. Qd2 Nxa1 24. Rxa1 Rac8 25. a3 Rc4 26. g3 Rfc8 27. Nf2 Be7 28. Qe3 Qc6 29. Nd3 Qb6 30. Ne2 Bf6 31. Ne5 Qxb2 32. Rf1 Rc2 33. Rf2 Qb1+ 34. Rf1 Qb5 35. Rf2 Ra2 36. Ng4 Qb1+ 37. Kg2 Qe4+ 38. Qxe4 dxe4 0-1

[Event "Gniota mem. op"]
[Site "Police POL"]
[Date "2018.07.14"]
[Round "4.2"]
[White "Golubka, Petro"]
[Black "Hnydiuk, Aleksander"]
[Result "1/2-1/2"]
[WhiteElo "2496"]
[BlackElo "2400"]
[WhiteFideId "-1"]
[BlackFideId "-1"]
[PlyCount "126"]
[GameId "2130307618510443"]
[EventDate "2018.07.11"]
[EventType "swiss"]
[EventRounds "9"]
[EventCountry "POL"]
[SourceTitle "The Week in Chess 1236"]
[Source "Mark Crowther"]
[SourceDate "2018.07.16"]
[SourceVersion "1"]
[SourceVersionDate "2018.07.16"]
[SourceQuality "2"]

1. e4 Nf6 2. e5 Nd5 3. d4 d6 4. Bc4 c6 5. Bb3 Bf5 6. Nf3 e6 7. O-O dxe5 8. dxe5 Nd7 9. Nd4 Bg6 10. f4 Nc5 11. Bxd5 Qxd5 12. Nc3 Qc4 13. Be3 Ne4 14. Nxe4 Bxe4 15. Qd2 c5 16. b3 Qa6 17. Nf3 Be7 18. Qf2 b6 19. a4 O-O 20. a5 Qb7 21. axb6 axb6 22. c3 Rxa1 23. Rxa1 Ra8 24. Re1 Bxf3 25. Qxf3 Qxf3 26. gxf3 Ra3 27. Rb1 Kf8 28. c4 Ke8 29. Rb2 Kd7 30. Kf2 Kc6 31. Ke2 b5 32. cxb5+ Kxb5 33. Rd2 Kc6 34. Rd3 Ra1 35. Rd1 Rxd1 36. Kxd1 Kd5 37. Ke2 h6 38. Kd3 Bh4 39. Ke2 Bd8 40. Kd3 Be7 41. Ke2 c4 42. bxc4+ Kxc4 43. Bc1 Kd5 44. Kd3 h5 45. Bd2 Bd8 46. Be3 g5 47. fxg5 Kxe5 48. g6 fxg6 49. Ke2 Kf5 50. h3 Bh4 51. Bd2 Bg5 52. Be1 Bc1 53. Bg3 Bb2 54. Kf1 Be5 55. Bf2 Kf4 56. Kg2 Bc3 57. Bg1 e5 58. Bf2 Bd4 59. Bg3+ Ke3 60. Bh4 Ke2 61. Be7 Be3 62. Bf6 Bf4 63. Bd8 Be3 1/2-1/2

[Event "Gniota mem. op"]
[Site "Police POL"]
[Date "2018.07.15"]
[Round "5.1"]
[White "Yagupov, Igor"]
[Black "Golubka, Petro"]
[Result "1-0"]
[WhiteElo "2349"]
[BlackElo "2496"]
[WhiteFideId "-1"]
[BlackFideId "-1"]
[PlyCount "83"]
[GameId "2130307618510459"]
[EventDate "2018.07.11"]
[EventType "swiss"]
[EventRounds "9"]
[EventCountry "POL"]
[SourceTitle "The Week in Chess 1236"]
[Source "Mark Crowther"]
[SourceDate "2018.07.16"]
[SourceVersion "1"]
[SourceVersionDate "2018.07.16"]
[SourceQuality "2"]

1. e4 c5 2. Nf3 d6 3. d4 cxd4 4. Nxd4 Nf6 5. Nc3 e6 6. Be3 Nc6 7. f3 Be7 8. Qd2 a6 9. O-O-O O-O 10. g4 Nxd4 11. Bxd4 b5 12. g5 Nd7 13. h4 Ne5 14. Qg2 Nc6 15. Be3 Qa5 16. Kb1 b4 17. Ne2 e5 18. h5 Be6 19. Nc1 Qc7 20. Qh2 f6 21. g6 h6 22. Qd2 f5 23. exf5 Rxf5 24. Bh3 Raf8 25. Bxf5 Bxf5 26. Rhg1 a5 27. Rg2 a4 28. Qd5+ Kh8 29. Bxh6 b3 30. axb3 Nb4 31. Qc4 axb3 32. Bxg7+ Kxg7 33. h6+ Kf6 34. Qxc7 bxc2+ 35. Rxc2 Bxc2+ 36. Qxc2 Nxc2 37. g7 Na3+ 38. Ka2 Ra8 39. Rg1 Nc4+ 40. Kb1 Nd2+ 41. Kc2 Nxf3 42. h7 1-0

[Event "Gniota mem. op"]
[Site "Police POL"]
[Date "2018.07.18"]
[Round "8.8"]
[White "Golubka, Petro"]
[Black "Marszalek, Maciej"]
[Result "1/2-1/2"]
[WhiteElo "2496"]
[BlackElo "2266"]
[WhiteFideId "-1"]
[BlackFideId "-1"]
[PlyCount "31"]
[GameId "2130307618514611"]
[EventDate "2018.07.11"]
[EventType "swiss"]
[EventRounds "9"]
[EventCountry "POL"]
[SourceTitle "The Week in Chess 1237"]
[Source "Mark Crowther"]
[SourceDate "2018.07.23"]
[SourceVersion "1"]
[SourceVersionDate "2018.07.23"]
[SourceQuality "2"]

1. e4 e5 2. Nf3 Nc6 3. Bb5 a6 4. Ba4 Nf6 5. O-O Be7 6. Re1 b5 7. Bb3 O-O 8. a4 b4 9. d3 d6 10. Nbd2 Be6 11. Bxe6 fxe6 12. c3 Qd7 13. Nc4 Rab8 14. Bd2 bxc3 15. bxc3 Qe8 16. Ng5 1/2-1/2

[Event "Gniota mem. op"]
[Site "Police POL"]
[Date "2018.07.19"]
[Round "9.6"]
[White "Paprocki, Jaroslaw"]
[Black "Golubka, Petro"]
[Result "1/2-1/2"]
[WhiteElo "2143"]
[BlackElo "2496"]
[WhiteFideId "-1"]
[BlackFideId "-1"]
[PlyCount "162"]
[GameId "2130307618514626"]
[EventDate "2018.07.11"]
[EventType "swiss"]
[EventRounds "9"]
[EventCountry "POL"]
[SourceTitle "The Week in Chess 1237"]
[Source "Mark Crowther"]
[SourceDate "2018.07.23"]
[SourceVersion "1"]
[SourceVersionDate "2018.07.23"]
[SourceQuality "2"]

1. d4 d5 2. c4 e6 3. cxd5 exd5 4. Bf4 c5 5. Nc3 Nf6 6. Nf3 Nc6 7. e3 c4 8. Be2 Bb4 9. Nd2 Be6 10. O-O O-O 11. Bg5 h6 12. Bh4 Re8 13. Bf3 g5 14. Bg3 Bxc3 15. bxc3 Bf5 16. Qc1 b5 17. Bd1 a5 18. a3 Qd7 19. h4 g4 20. Bf4 Nh5 21. Bxh6 Bd3 22. Re1 Qe6 23. Bg5 f6 24. Bh6 Kh7 25. e4 f5 26. Bg5 fxe4 27. Nf1 Bxf1 28. Rxf1 Rf8 29. Qe3 b4 30. axb4 axb4 31. Rxa8 Rxa8 32. cxb4 Nxb4 33. Qe2 Nf6 34. Bxf6 Qxf6 35. Qb2 Rb8 36. Bxg4 Nc6 37. Qa1 Rg8 38. Bd1 Nxd4 39. Qa7+ Rg7 40. Qc5 Qe5 41. Re1 Ne6 42. Qe3 Nf4 43. g3 Nd3 44. Re2 Qa1 45. Rd2 Qf6 46. Bc2 Qxh4 47. Bxd3 exd3 48. Ra2 Qe4 49. Qc1 Re7 50. Qg5 Qe1+ 51. Kh2 Qe6 52. Ra6 Qxa6 53. Qxe7+ Kh6 54. Qf8+ Kg5 55. Qg8+ Kf5 56. Qxd5+ Kf6 57. Kg2 Qe6 58. Qd4+ Kf7 59. Kf3 Qc6+ 60. Ke3 Qh6+ 61. Kf3 Qh1+ 62. Kf4 Qh6+ 63. Kf3 Qe6 64. g4 Kg6 65. Kf4 Qc6 66. Ke3 Qe8+ 67. Kf4 Qf8+ 68. Kg3 Qc8 69. f4 Qc7 70. Kf3 Qc6+ 71. Ke3 Qe6+ 72. Qe5 Qb6+ 73. Kf3 Qc6+ 74. Ke3 c3 75. f5+ Kg5 76. Qf4+ Kh4 77. g5+ Kh5 78. Kxd3 c2 79. Qh2+ Kxg5 80. Qxc2 Qxc2+ 81. Kxc2 Kxf5 1/2-1/2

[Event "Police Gniota Memorial 33rd"]
[Site "Police"]
[Date "2018.07.12"]
[Round "2"]
[White "Golubka, Petro"]
[Black "Goluch, Piotr"]
[Result "1/2-1/2"]
[WhiteElo "2496"]
[BlackElo "2332"]
[WhiteFideId "-1"]
[BlackFideId "-1"]
[PlyCount "97"]
[GameId "1273738086363136"]
[EventDate "2018.07.11"]
[EventType "swiss"]
[EventRounds "9"]
[EventCountry "POL"]
[SourceTitle "CBM 185 Extra"]
[Source "ChessBase"]
[SourceDate "2018.07.29"]
[SourceVersion "1"]
[SourceVersionDate "2018.07.29"]
[SourceQuality "1"]

1. e4 c6 2. d4 d5 3. Nc3 dxe4 4. Nxe4 Bf5 5. Ng3 Bg6 6. h4 h6 7. Nf3 e6 8. Ne5 Bh7 9. Qh5 Qc7 10. Bc4 Nf6 11. Qe2 Bd6 12. f4 O-O 13. O-O c5 14. Be3 cxd4 15. Bxd4 Bc5 16. Bxc5 Qxc5+ 17. Qf2 Rc8 18. c3 Qxf2+ 19. Rxf2 Nc6 20. Nxc6 Rxc6 21. Bb3 Rd8 22. Ne2 Ng4 23. Rff1 Ne3 24. Rf2 Ng4 25. Nd4 Rxd4 26. cxd4 Nxf2 27. Kxf2 Bc2 28. d5 exd5 29. Bxd5 Rd6 30. Bf3 Ba4 31. Rc1 g5 32. Bxb7 Rd2+ 33. Ke3 Rxb2 34. Bd5 gxf4+ 35. Kxf4 Bd7 36. Rc7 Be6 37. Bxe6 fxe6 38. Rxa7 Rxg2 39. a4 h5 40. a5 Rg4+ 41. Ke5 Rxh4 42. a6 Ra4 43. Kf6 h4 44. Rg7+ Kh8 45. a7 h3 46. Rg3 Rxa7 47. Rxh3+ Rh7 48. Rxh7+ Kxh7 49. Kxe6 1/2-1/2

[Event "Police Gniota Memorial 33rd"]
[Site "Police"]
[Date "2018.07.16"]
[Round "6"]
[White "Golubka, Petro"]
[Black "Schmidt, Wlodzimierz"]
[Result "1/2-1/2"]
[WhiteElo "2496"]
[BlackElo "2242"]
[WhiteFideId "-1"]
[BlackFideId "-1"]
[PlyCount "30"]
[GameId "1276241022640128"]
[EventDate "2018.07.11"]
[EventType "swiss"]
[EventRounds "9"]
[EventCountry "POL"]
[SourceTitle "CBM 185 Extra"]
[Source "ChessBase"]
[SourceDate "2018.07.29"]
[SourceVersion "1"]
[SourceVersionDate "2018.07.29"]
[SourceQuality "1"]

1. c4 Nf6 2. Nc3 e5 3. Nf3 Nc6 4. e3 Bb4 5. Qc2 Bxc3 6. Qxc3 Qe7 7. Be2 O-O 8. O-O e4 9. Ne1 d5 10. b3 Rd8 11. cxd5 Nxd5 12. Qb2 Bf5 13. f3 exf3 14. Bxf3 Bg6 15. a3 a5 1/2-1/2